000
00310pam a2200133a 44500
008
230405s2017 xxu||||| |||| 00| 0 eng d
041
_a
ENG
100
_a
Zerox copy
245
_a
Bryophyta
260
_a
Delhi
_b
New Age international (p) Ltd.
_c
2017
300
_a
146p.
440
_a
Rs 109
906
_a
17925
999
_c
308423
_d
308423